000 00559nam a2200241Ia 4500
003 0100
008 130303s9999 xx 000 0 und d
020 _a0826495281
040 _cARRUPELIB
050 _aBD171.B44
100 _aBenson, Ophelia
245 _aWhy truth matters
260 _aLondon
260 _bContinuum
260 _C2006
300 _a202p.
300 _b 23 cm
650 _bAfrica, Eastern--History
650 _cAfrica, Central--History
650 _dRwanda--History
700 _aStangroom, Jeremy
942 _2lcc
_01
999 _c64508
_d64508